Northernmost things #2 - Statistics

General Stats
  • This quiz has been taken 6 times
  • The average score is 19 of 75
Answer Stats
Northernmost things... Location (town/city/country/etc) Hint % Correct
Crime fiction festival Reykjavík city in Iceland
83%
Hindu temple, Taoist center and Sikh gurudwara Anchorage city in Alaska
67%
Naturally growing palms Nice city in France
67%
Observatory Ny-Ålesund, Svalbard city or archipelago
67%
Architecture school Oulu city in Finland
67%
Shinto shrine Amsterdam city in the Netherlands
50%
Catholic school Bodø (primary school), Fairbanks (high school) municipality (primary school) or city (high school)
50%
Synagogue, and Wicca coven Fairbanks city in Alaska
50%
Starbucks, Taco Bell, Denny's and Wendy's Fairbanks city in Alaska
50%
Coral reef Finnmark, Norway county or country
50%
Metro/subway station Helsinki city in Finland
50%
(active) Sand dunes Kobuk Valley N.P., Alaska national park or state
50%
Primary school Longyearbyen settlement
50%
Church (Lutheran) Longyearbyen settlement in Svalbard
50%
Bus station, harbor and airport (scheduled flights) Longyearbyen settlement in Svalbard
50%
Jain temple Manchester city in England
50%
Radioactive waste plant Murmansk city in Russia
50%
Trolleybus Murmansk city in Russia
50%
McDonald's Murmansk city in Russia
50%
Amphitheatre Saint Petersburg city in Russia
50%
Scientology church Stockholm city in Sweden
50%
Football/soccer arena Tromsø municipality in Norway
50%
Mosque, and cathedral Tromsø municipality in Norway
50%
Traffic light Tromsø municipality in Norway
50%
7-Eleven, Apple store and Harley Davidson retailer Tromsø municipality in Norway
50%
Pizza Hut, and Burger King Tromsø municipality in Norway
50%
Tram Trondheim city in Norway
50%
Heavy metal music festival Alta town in Norway
33%
Olive grove Anglesey island in Wales
33%
Cemetery Greenland island
33%
Tim Horton's Iqaluit city in Nunavut
33%
Dinosaur fossil discovered Nunavut territory in Canada
33%
Castle hotel Orkney Islands archipelago in Scotland
33%
Sake brewery Oslo city in Norway
33%
American football field Utqiagvik city in Alaska
33%
Subway Utqiagvik city in Alaska
33%
Domino's Akureyri town in Iceland
17%
Church (Eastern Orthodox, civilian) Dikson, Krasnoyarsk urban locality or krai in Russia
17%
Church (Eastern Orthodox, military, and the northernmost of any churches) Franz Josef Land, Arkhangelsk Oblast archipelago or oblast in Russia
17%
Dance festival Hammerfest municipality in Norway
17%
Refugee shelter Hammerfest municipality in Norway
17%
KFC Inuvik town in Northwest Territories, Canada
17%
Active volcano Jan Mayen island
17%
Ancient Roman temple Maryport town in Cumbria, England
17%
Temperate rainforest Prince William Sound, Kenai Peninsula sound or peninsula in Alaska
17%
Location with all monthly avg temperatures above freezing Værøy & Røst, Lofoten either of the municipalities or the archipelago
17%
Skyscraper (at least 150 meters) Yekaterinburg city in Russia
17%
Buddhist temple and monastery Boden municipality in Sweden
0%
Scientific laboratory (temporary) Camp Barneo annually esteblished ice camp
0%
Church (Anglican) Grise Fiord hamlet in Nunavut
0%
Cricket field Hafnarfjörður town in Iceland
0%
IKEA Haparanda municipality in Sweden
0%
Banana plantation Hveragerði town in Iceland
0%
Four-star hotel Ilulissat town in Greenland
0%
Solar power station Inari, Finland municipality in Finland (Lapland)
0%
Beach (where you go to tan? and have fun) Kalix municipality in Sweden
0%
Amusement park Kauhava town in Finland
0%
Comics festival Kemi town in Finland
0%
Cornfield Kuopio city in Finland
0%
Tropical rainforest (lowland) Namdapha N.P., India national park or country
0%
Water amusement park Norilsk city in Russia
0%
Dairy Queen Palmer city in Alaska
0%
Railway/train station Pechenga locality in Pechengsky district, Russia
0%
Church (Catholic) Pond Inlet community in Nunavut
0%
Piano (in case you wish to play to ghosts) Pyramiden abandoned settlement in Svalbard
0%
Retirement home Qaanaaq town in Greenland
0%
Vineyard Ranua municipality in Finland
0%
Tea plantation Roskilde city in Denmark
0%
Rice field Rostov oblast in Russia
0%
Buddhist stupa Siikainen municipality in Finland
0%
Lidl Sodankylä municipality in Finland
0%
Where trees grow (larch) Taymyr Peninsula, Siberia peninsula or geographical region
0%
Wind farm Tiksi, Yakutia locality or federal Russian republic
0%
Prison, and recording studio Vadsø municipality in Norway
0%
Target Wasilla city in Alaska
0%
No matching quizzes found
Score Distribution
Percent of People with Each Score
Percentile by Number Answered
Your Score History
You have not taken this quiz